000 00880nam a2200205Ia 4500
001 14761
003 GE_BSU
008 181216s||||||||xx |||||||||||||| ||und||
040 _cGE_BSU
080 _a696/697(035)+628
100 _aСпышков,П.А. Шнееров,А.И.
245 _aСправочник по внутренним водопроводу, канализации и водостокам(проектирование,конструкции, оборудование и расчет).
245 _cНауч. ред. Г.А.Штеккер.
260 _aМ.
260 _bГос. изд-во лит. по строительству иархитектуре.
260 _c1954.
300 _aс илл. 21 см.
653 _aСправочник по внутренним водопроводу, канализации и водостокам
942 _cBK
999 _c47884
_d47884